Welcome to the Holygrace Academy Library

Please use search bar below to get started

ROGET'S INTERNATIONAL THESAURUS (Record no. 2141)

MARC details
000 -LEADER
fixed length control field 00313nam a22001337a 4500
082 ## - DEWEY DECIMAL CLASSIFICATION NUMBER
Classification number 030(T)
Item number OXF/R
100 ## - MAIN ENTRY--AUTHOR NAME
Personal name OXFORD
245 ## - TITLE STATEMENT
Title ROGET'S INTERNATIONAL THESAURUS
250 ## - EDITION STATEMENT
Edition statement THIRD EDITION
260 ## - PUBLICATION, DISTRIBUTION, ETC. (IMPRINT)
Place of publication DELHI
Name of publisher OXFORD & IBH PUBLISHING CO
Year of publication 2005
300 ## - PHYSICAL DESCRIPTION
Number of Pages 1256
650 ## - SUBJECT ADDED ENTRY--TOPICAL TERM
Topical Term THESAURUS
Geographic subdivision INDIA
942 ## - ADDED ENTRY ELEMENTS (KOHA)
Koha item type Books
Holdings
Withdrawn status Lost status Collection code Home library Current library Shelving location Date acquired Source of acquisition Full call number Accession Number Koha item type
    Reference Main Library Main Library SHELF 1 G -DICTIONARY,THEASAURUS 10/10/2006 purchase 030(T) OXF/R 03432 Books